[Event "Salou Salauris op 1st"]
[Site "Salou"]
[Date "2021.06.26"]
[Round "4"]
[White "Caba Torra, Joan"]
[Black "Petrus Perez, Enric"]
[Result "1/2-1/2"]
[WhiteElo "1769"]
[BlackElo "1756"]
[PlyCount "64"]
[EventDate "2021.06.25"]
[EventType "swiss"]
[EventRounds "7"]
[EventCountry "ESP"]
[SourceTitle "CBM 203 Extra"]
[Source "ChessBase"]
[SourceDate "2021.09.30"]
[SourceVersion "1"]
[SourceVersionDate "2021.09.30"]
[SourceQuality "1"]

1. e4 c5 2. Ne2 d6 3. g3 Nf6 4. Bg2 g6 5. 0-0 Bg7 6. c3 0-0 7. h3 Nc6 8. d4 e6 9. Be3 Qe7 10. f4 Bd7 11. Qb3 Na5 12. Qc2 Nc6 13. Bf2 Rac8 14. Nd2 cxd4 15. Nxd4 b6 16. N2b3 e5 17. Ne2 Rfe8 18. f5 Qd8 19. g4 h6 20. Rad1 Qc7 21. Be3 Kh7 22. Qd2 Bf8 23. fxg6+ Kxg6 24. Rxf6+ Kxf6 25. Bxh6 Bxh6 26. Qxh6+ Ke7 27. Qg5+ Kf8 28. Rf1 Be6 29. Ng3 Qd8 30. Rf6 Ke7 31. Nf5+ Kd7 32. Qd2 Kc7 1/2-1/2

[Event "Salou Salauris op 1st"]
[Site "Salou"]
[Date "2021.06.26"]
[Round "3"]
[White "Petrus Perez, Enric"]
[Black "Lucas Ara, Alejandro"]
[Result "1-0"]
[WhiteElo "1756"]
[BlackElo "1888"]
[PlyCount "75"]
[EventDate "2021.06.25"]
[EventType "swiss"]
[EventRounds "7"]
[EventCountry "ESP"]
[SourceTitle "CBM 203 Extra"]
[Source "ChessBase"]
[SourceDate "2021.09.30"]
[SourceVersion "1"]
[SourceVersionDate "2021.09.30"]
[SourceQuality "1"]

1. c4 Nf6 2. Nc3 g6 3. Nf3 Bg7 4. g3 0-0 5. Bg2 d6 6. d4 Nbd7 7. 0-0 c6 8. Re1 e5 9. e4 Re8 10. h3 a5 11. d5 Nc5 12. b3 Qe7 13. Bb2 h6 14. a3 Bd7 15. b4 axb4 16. axb4 Rxa1 17. Bxa1 Na6 18. Qb3 c5 19. b5 Nb4 20. Na2 Nxa2 21. Qxa2 Qd8 22. Bc3 Qa8 23. Qc2 Qc8 24. Kh2 Nh5 25. Qd1 Qa8 26. Qc2 f5 27. Nh4 f4 28. Nxg6 Kh7 29. Nh4 Bf6 30. Nf5 fxg3+ 31. fxg3 Rg8 32. Re3 Bg5 33. Rf3 Rg6 34. h4 Bf6 35. Bh3 Qg8 36. Qf2 Bd8 37. Be1 Kh8 38. Nxh6 1-0

[Event "Salou Salauris op 1st"]
[Site "Salou"]
[Date "2021.06.25"]
[Round "1"]
[White "Petrus Perez, Enric"]
[Black "Karpukhin, Andrei"]
[Result "1-0"]
[WhiteElo "1756"]
[BlackElo "1416"]
[PlyCount "109"]
[EventDate "2021.06.25"]
[EventType "swiss"]
[EventRounds "7"]
[EventCountry "ESP"]
[SourceTitle "CBM 203 Extra"]
[Source "ChessBase"]
[SourceDate "2021.09.30"]
[SourceVersion "1"]
[SourceVersionDate "2021.09.30"]
[SourceQuality "1"]

1. c4 e5 2. Nc3 Nf6 3. g3 Bb4 4. Bg2 Nc6 5. e3 0-0 6. Nge2 d6 7. 0-0 Bf5 8. a3 Bxc3 9. dxc3 Qd7 10. Re1 Be4 11. f3 Bf5 12. e4 Bh3 13. Bh1 Na5 14. b3 Qc6 15. Be3 Nd7 16. Nc1 f5 17. Qd5+ Rf7 18. Qxa5 fxe4 19. fxe4 Raf8 20. Nd3 Nb6 21. Qb5 Nxc4 22. bxc4 Qxb5 23. cxb5 Bd7 24. c4 a6 25. a4 Be6 26. Nb2 c6 27. Rf1 cxb5 28. Rxf7 Rxf7 29. cxb5 h5 30. Rc1 axb5 31. axb5 Bh3 32. Bg2 Bg4 33. b6 Bf3 34. Rc7 Bxg2 35. Kxg2 Kf8 36. Rxf7+ Kxf7 37. Nc4 Ke6 38. Na5 Kd7 39. Nxb7 Kc6 40. Nxd6 h4 41. b7 h3+ 42. Kxh3 g5 43. b8Q g4+ 44. Kxg4 Kd7 45. Qb7+ Kxd6 46. Qd5+ Ke7 47. Kg5 Ke8 48. Kg6 Ke7 49. Qxe5+ Kd7 50. h4 Kc8 51. Qe7 Kb8 52. h5 Kc8 53. h6 Kb8 54. h7 Kc8 55. h8Q# 1-0

[Event "Tarragona Province-ch"]
[Site "Tarragona"]
[Date "2015.11.22"]
[Round "8"]
[White "Romeu de la Cruz, Josep"]
[Black "Petrus Perez, Enric"]
[Result "1-0"]
[WhiteElo "1968"]
[BlackElo "1823"]
[PlyCount "157"]
[EventDate "2015.09.27"]
[EventType "swiss"]
[EventRounds "9"]
[EventCountry "ESP"]
[SourceTitle "EXT 2017"]
[Source "ChessBase"]
[SourceDate "2016.10.25"]
[SourceVersion "1"]
[SourceVersionDate "2016.10.25"]
[SourceQuality "1"]

1. e4 e5 2. Nf3 Nc6 3. Bc4 Be7 4. d4 d6 5. 0-0 Nf6 6. Nc3 exd4 7. Nxd4 Nxd4 8. Qxd4 0-0 9. Bf4 Bg4 10. f3 Bh5 11. Rad1 Bg6 12. Qf2 Qe8 13. g4 Nd7 14. Nd5 Bd8 15. Kg2 Ne5 16. Bb3 c6 17. Nc3 Bb6 18. Qg3 Rd8 19. h4 h6 20. h5 Bh7 21. g5 Kh8 22. Kh1 hxg5 23. Qxg5 f6 24. Qh4 a6 25. Bh2 Be3 26. Qh3 Bh6 27. f4 Nf7 28. Bxf7 Rxf7 29. f5 Rfd7 30. Bf4 Bxf4 31. Rxf4 Qe5 32. Rf2 d5 33. h6 d4 34. hxg7+ Rxg7 35. Qh4 Re8 36. Ne2 Qxe4+ 37. Qxe4 Rxe4 38. Nxd4 Rh4+ 39. Rh2 Rxh2+ 40. Kxh2 Bg8 41. b3 Rd7 42. Kg3 Bh7 43. Rd3 c5 44. Ne6 Rxd3+ 45. cxd3 Bxf5 46. Nxc5 b6 47. Kf4 Bc8 48. Ne4 Kg7 49. Nd6 Bd7 50. a3 Kf8 51. Nc4 b5 52. Nd2 Ke7 53. b4 Ke6 54. Ke4 Kd6 55. Kd4 f5 56. Nb3 Bc6 57. Nc5 f4 58. Nxa6 Bg2 59. Nc5 f3 60. Ne4+ Kc6 61. Nf2 Bf1 62. Ke3 Be2 63. Ke4 Kd6 64. Kd4 Kc6 65. Ke5 Bf1 66. d4 Bc4 67. Ke4 Bd5+ 68. Ke3 Kd6 69. Nd1 Ke6 70. Nc3 Bc6 71. d5+ Bxd5 72. Nxb5 Kf5 73. Nc3 Bb7 74. b5 Kg4 75. Kf2 Kf4 76. a4 Ke5 77. a5 Kd6 78. Na4 Bd5 79. a6 1-0